000 04070nkm0a2200637 4500
001 RU\NLR\BIBL_A\022629061
005 20260204000000.0
035 _a(NLR Aleph) 022629061
071 5 0 _a22
_d6 коп.
090 _a89054
_c89054
100 _a20260208 rusy50
101 0 _arus
102 _aRU
116 _aiiycxx bi ae
135 _acrcn 024anaba
181 0 _ab4
_bxb2e
182 0 _an
200 1 _aСалют
_eС каждым днём настойчивей, победней Залпы орудийные в Кремле ... С. Маршак
_eвоинское
_e[закрытое письмо]
_fрис. В. Бибикова
203 _aИзображение
_bнеподвижное
_bдвухмерное
_bвизуальное
_cнепосредственное
210 _a[Москва]
_c"Советский график" по заказу УВПП
_d[1943 или 1944]
215 _a1 л. (слож. вдвое, 12 строк текста)
_cцв. литогр.
_d20х15,7 (12,2х15,7)
300 _aНа закрытом письме также текст: Смерть немецким захватчикам!
300 _aЗаказчик УВПП - Управление военно-полевой почты
300 _aСтихотворение С. Я. Маршака "Салют" напечатано в газете "Правда" 18 сентября 1943 г.
301 _aИзд. номер: № 22
309 _aДвойной формуляр, с клеевой полосой
325 _aКопия доступна в Электрон. б-ке РНБ
327 0 _aФейерверк в небе над Спасской башней Московского Кремля
601 0 2 _aКремль
_cМосква, город
_jОткрытки
_2nlr_sh1
_3RU\NLR\AUTH\6646065
606 1 _aПочтовые открытки маркированные художественные
_yСССР
_z1941 - 1945
_2nlr_sh2
_3RU\NLR\AUTH\661531868
606 1 _aФейерверки
_jОткрытки
_2nlr_sh1
_2nlr_sh2
_3RU\NLR\AUTH\661234270
607 _aМосква, город
_jОткрытки
_2nlr_sh1
_2nlr_sh2
_3RU\NLR\AUTH\66160741
610 1 _aЗакрытые письма
610 1 _aВидовые открытки
617 _aСССР
_bРСФСР
_cМосковская область
_dМосква, город
_eКремль
_eСпасская башня
686 1 _aЩ153(2)7-489
700 1 _aБибиков
_bВ. С.
_f1903-1972
_gВиктор Сергеевич
_4040
702 1 _aМаршак
_bС. Я.
_f1887-1964
_gСамуил Яковлевич
_3RU\NLR\AUTH\774792
_4072
712 0 1 _aСССР
_bГлавное управление связи Красной Армии
_bУправление военно-полевой почты
_3RU\NLR\AUTH\880618205
_4570
712 0 2 _a"Советский график", всероссийское товарищество художников-графиков
_3RU\NLR\AUTH\880618204
_4650
830 _aДатировка - см. Летопись изоизданий: 1943 - Вып. 1944, № 1-2. С. 78. № 2100; 1944 - Вып. 1944, № 3-4. С. 81. № 2565. АЯ ОЭФ
830 _aТехника печати - см. Летопись изоизданий. АЯ ОЭФ
830 _a"Салют": https://opac.nekrasovka.ru/books/NEWSPAPERS/PRAVDA/1943/PRAVDA_1943_232.pdf. С. 2. (23.09.2025). АЯ ОЭФ
852 0 0 _aNLR
_bЭ
_jО-ЗП-3/1944-Б
_mЭот101003
856 0 _uhttps://vivaldi.nlr.ru/lo500003982/view
856 1 _uhttps://vivaldi.nlr.ru/lo500003982/cover
856 2 _uhttps://vivaldi.nlr.ru/lo500003982/text
942 _cVISUAL
945 _aРоссийская национальная библиотека
980 _aNB
980 _aBV
981 1 7 _a(17) Изографические материалы
_b(17) Открытки